Projects : planning, analysis, selection, financing, implementation and review (Record no. 8809)
[ view plain ]
| 000 -LEADER | |
|---|---|
| fixed length control field | 00359nam a2200133 4500 |
| 003 - CONTROL NUMBER IDENTIFIER | |
| control field | OSt |
| 005 - DATE AND TIME OF LATEST TRANSACTION | |
| control field | 20210112115558.0 |
| 008 - FIXED-LENGTH DATA ELEMENTS--GENERAL INFORMATION | |
| fixed length control field | 210112b ||||| |||| 00| 0 eng d |
| 020 ## - INTERNATIONAL STANDARD BOOK NUMBER | |
| International Standard Book Number | 9788194113836 |
| 082 ## - DEWEY DECIMAL CLASSIFICATION NUMBER | |
| Classification number | 332.67 |
| Item number | CHA |
| 100 ## - MAIN ENTRY--PERSONAL NAME | |
| Personal name | Chandra, Prasanna |
| 245 ## - TITLE STATEMENT | |
| Title | Projects : planning, analysis, selection, financing, implementation and review |
| 942 ## - ADDED ENTRY ELEMENTS (KOHA) | |
| Source of classification or shelving scheme | |
| Withdrawn status | Lost status | Source of classification or shelving scheme | Damaged status | Koha normalized classification for sorting | Not for loan | Permanent location | Current location | Date acquired | Total Checkouts | Full call number | Barcode | Date last seen | Date last borrowed | Price effective from | Koha item type |
|---|---|---|---|---|---|---|---|---|---|---|---|---|---|---|---|
| 332_670000000000000_CHA | BMS College of Architecture, Design and Planning | BMS College of Architecture, Design and Planning | 2021-01-12 | 2 | 332.67 CHA | AR-PG388 | 2023-02-23 | 2022-12-02 | 2021-01-12 | PG Books | |||||
| 332_670000000000000_CHA | BMS College of Architecture, Design and Planning | BMS College of Architecture, Design and Planning | 2021-01-12 | 332.67 CHA | AR-PG389 | 2021-01-12 | 2021-01-12 | PG Books | |||||||
| 332_670000000000000_CHA | BMS College of Architecture, Design and Planning | BMS College of Architecture, Design and Planning | 2021-01-12 | 332.67 CHA | AR-PG390 | 2021-01-12 | 2021-01-12 | PG Books | |||||||
| 332_670000000000000_CHA | BMS College of Architecture, Design and Planning | BMS College of Architecture, Design and Planning | 2021-01-12 | 332.67 CHA | AR-PG391 | 2021-01-12 | 2021-01-12 | PG Books | |||||||
| 332_670000000000000_CHA | BMS College of Architecture, Design and Planning | BMS College of Architecture, Design and Planning | 2021-01-12 | 1 | 332.67 CHA | AR-PG392 | 2022-11-15 | 2022-11-09 | 2021-01-12 | PG Books |